Online
Catalog
Normal view MARC view

Entry Nombre geográfico

Number of records used in: 17

001 - NÚMERO DE CONTROL

  • campo de control: 2180

003 - IDENTIFICADOR DEL NÚMERO DE CONTROL

  • campo de control: BNPHU

005 - FECHA Y HORA DE LA ÚLTIMA TRANSACCIÓN

  • campo de control: 20240408175713.0

008 - DATOS DE LONGITUD FIJA

  • campo de control de longitud fija: 200615|| aca||aabn | a|a d

040 ## - FUENTE DE LA CATALOGACIÓN

  • Centro catalogador/agencia de origen: DO-SdBNP
  • Lengua de catalogación: spa
  • Centro/agencia transcriptor: BNPHU
  • Normas de descripción: rda

151 ## - ENCABEZAMIENTO--NOMBRE GEOGRÁFICO

  • Nombre geográfico: Concepción de la Vega (Republica Dominicana )

451 ## - TRAZADO DE VÉASE--NOMBRE GEOGRÁFICO

  • Nombre geográfico: La Vega, República Dominicana

451 ## - TRAZADO DE VÉASE--NOMBRE GEOGRÁFICO

  • Nombre geográfico: La Vega (República Dominicana : Ciudad)

451 ## - TRAZADO DE VÉASE--NOMBRE GEOGRÁFICO

  • Nombre geográfico: Vega ( República Dominicana)

670 ## - FUENTE DE DATOS ENCONTRADOS

  • Cita de la fuente: Work cat.: (OSt)648: Concepción, Mario 2178, La Vega y sus calles /, 1986.

670 ## - FUENTE DE DATOS ENCONTRADOS

  • Cita de la fuente: Despradel y Batista, G. Historia de la Concepción ...

Powered by Koha